| 000 | 01182nam a22002417a 4500 | ||
|---|---|---|---|
| 005 | 20140304113447.0 | ||
| 008 | 140304t2007 sz d gr|||| 00| 0 eng d | ||
| 020 | _a9782839902816 | ||
| 041 | _aeng | ||
| 044 | _asz | ||
| 082 |
_a333.72 _bI17b |
||
| 110 | 2 |
_aInternational Centre for Trade and Sustainable Development _914557 |
|
| 242 | 1 | 0 |
_aBiotecnología _bPerspectivas en el Desarrollo Sostenible y Política de Comercio en África del Este _cInternational Centre for Trade and Sustainable Development _yspa |
| 245 | 1 | 0 |
_aBiotechnology _bEastern African Perspectives on Sustainable Development and Trade policy _cInternational Centre for Trade and Sustainable Development |
| 260 |
_aGeneva _bInternational Centre for Trade and Sustainable Development _c2007 |
||
| 300 |
_a106 p. _btablas _c25 cm |
||
| 504 | _aIncluye bibliografía al final de cada capitulo | ||
| 650 | 4 |
_aBiotecnología agricultural _xPolítica gubernamental _zÁfrica del Este _914558 |
|
| 650 | 4 |
_aBiotecnología _xPolítica gubernamental _zÁfrica del Este _914559 |
|
| 650 | 4 |
_aDesarrollo sostenible _zÁfrica del Este _914560 |
|
| 650 | 4 |
_aPolítica comercial _zÁfrica del Este _914561 |
|
| 942 |
_2ddc _cImpreso |
||
| 999 |
_c8215 _d8215 |
||